Lego Star Wars: The Complete Saga Any% Top 10 Ever - Statistics

General Stats
  • This quiz has been taken 20 times
    6 since last reset
  • The average score is 7 of 38
Answer Stats
Answer % Correct
WiiSuper
100%
eroadhouse
80%
Zacc
80%
Chimkin
60%
Frost_Byte
60%
Tfresh
60%
Scynor
40%
TheCrazedCap
40%
Bricko
20%
GingerLegend
20%
itsjared97
20%
Pickletoe
20%
Siedemnastek
20%
smkurki
20%
TSG
20%
asedita1
0%
baconsoda
0%
Bitsy
0%
CanadaLands
0%
ChessWiz
0%
Conker
0%
curta7
0%
dyHusk
0%
ejpman
0%
Giggitz208
0%
haz
0%
Inferno
0%
Led_Astray
0%
Mouse1093
0%
QurfQrf
0%
roushmore
0%
Scucker
0%
shred
0%
TheeSizzler
0%
TreyBuchet116
0%
united9jackson
0%
welldooder64
0%
Xintorian
0%
No matching quizzes found
Score Distribution
Percent of People with Each Score
Percentile by Number Answered
Your Score History
You have not taken this quiz since the last reset